Top 100 Soccer Players 2000-2025 - Statistics

General Stats
  • This quiz has been taken 289 times
    27 since last reset
  • The average score is 63 of 100
Answer Stats
Country Answer % Correct
Argentina Lionel Messi
100%
Argentina Angel Di Maria
91%
Brazil Neymar
87%
Portugal Cristiano Ronaldo
83%
France Kylian Mbappé
83%
Brazil Ronaldinho
83%
Brazil Ronaldo
83%
Ivory Coast Didier Drogba
78%
Uruguay Luis Suárez
78%
Egypt Mohamed Salah
78%
Germany Oliver Kahn
78%
Poland Robert Lewandowski
78%
Argentina Sergio Aguero
78%
Chile Alexis Sánchez
74%
Belgium Eden Hazard
74%
Norway Erling Haaland
74%
Wales Gareth Bale
74%
Italy Gianluigi Buffon
74%
England Harry Kane
74%
Belgium Kevin De Bruyne
74%
Portugal Luis Figo
74%
Croatia Luka Modrić
74%
Germany Philipp Lahm
74%
Senegal Sadio Mané
74%
Cameroon Samuel Eto’o
74%
Spain Sergio Busquets
74%
Brazil Thiago Silva
74%
Belgium Thibaut Courtois
74%
Germany Thomas Muller
74%
Spain Xavi
74%
France Zinedine Zidane
74%
Sweden Zlatan Ibrahimović
74%
Spain Andrés Iniesta
70%
Ukraine Andriy Shevchenko
70%
Brazil Dani Alves
70%
England David Beckham
70%
Uruguay Edinson Cavani
70%
England Frank Lampard
70%
Spain Gerard Piqué
70%
France Karim Benzema
70%
Brazil Marcelo
70%
France N'Golo Kanté
70%
Italy Paolo Maldini
70%
Brazil Roberto Carlos
70%
Netherlands Robin van Persie
70%
Spain Sergio Ramos
70%
England Wayne Rooney
70%
France Antoine Griezmann
65%
Spain Carles Puyol
65%
Italy Francesco Totti
65%
Spain Iker Casillas
65%
Brazil Kaka
65%
Germany Manuel Neuer
65%
Czech Republic Pavel Nedvěd
65%
France Raphael Varane
65%
England Steven Gerrard
65%
France Thierry Henry
65%
Italy Andrea Pirlo
61%
Spain David Villa
61%
Slovenia Jan Oblak
61%
England John Terry
61%
England Paul Scholes
61%
Czech Republic Petr Čech
61%
Spain Raúl
61%
England Rio Ferdinand
61%
Belgium Vincent Kompany
61%
Netherlands Virgil van Dijk
61%
Ivory Coast Yaya Touré
61%
Italy Alessandro Del Piero
57%
Netherlands Arjen Robben
57%
Brazil Cafu
57%
Spain Cesc Fàbregas
57%
Spain Fernando Torres
57%
France Franck Ribery
57%
Argentina Javier Zanetti
57%
France Patrick Vieira
57%
Colombia Radamel Falcao
57%
Netherlands Ruud van Nistelrooy
57%
Wales Ryan Giggs
57%
Germany Toni Kroos
57%
Italy Alessandro Nesta
52%
Germany Bastian Schweinsteiger
52%
Portugal Deco
52%
Italy Giorgio Chiellini
52%
Serbia Nemanja Vidić
52%
Netherlands Wesley Sneijder
52%
Brazil Casemiro
48%
Italy Fabio Cannavaro
48%
Germany Mesut Özil
48%
Brazil Rivaldo
48%
Netherlands Edwin van der Sar
43%
Germany Michael Ballack
43%
Brazil Alisson Becker
39%
England Ashley Cole
39%
France Claude Makélélé
39%
Spain Xabi Alonso
39%
Argentina Hernán Crespo
30%
Netherlands Clarence Seedorf
22%
Chile Arturo Vidal
4%
France Lillian Thuram
0%
No matching quizzes found
Score Distribution
Percent of People with Each Score
Percentile by Number Answered
Your Score History
You have not taken this quiz since the last reset